A Nike futballcipők evolúciója Innováció,marketing és piacvezető stratégiák

Bibliográfiai részletek
Szerző: Szántó Bence
További közreműködők: Folmeg Dr. Márta
Dokumentumtípus: Projektmunka
Kulcsszavak:cipők
hivatásos sportolók
innováció
Nike
sportmarketing
Z generáció
Online Access:http://dolgozattar.uni-bge.hu/59112

MARC

LEADER 00000nnm a2200000 i 4500
001 dolg59112
005 20251027143004.0
008 251027suuuu hu o 000 hun d
040 |a BGE Dolgozattár Repozitórium  |b hun 
041 |a hu 
100 1 |a Szántó Bence 
245 1 2 |a A Nike futballcipők evolúciója  |b Innováció,marketing és piacvezető stratégiák  |c Szántó Bence  |h [elektronikus dokumentum] 
516 |a Project_work 
520 3 |a Összefoglalás A dolgozat célja a Nike futballcipők fejlődésének és sikerének átfogó bemutatása, különös tekintettel az innovációs és marketingstratégiák szerepére a márka piacvezető pozíciójának kialakításában. A dolgozat kiindulópontja, hogy a Nike hogyan vált az egyik legismertebb globális sportmárkává, és miként tudja egyensúlyba hozni a technológiai újításokat, a dizájnt, valamint a sportolók teljesítményigényeit. Az elméleti rész áttekinti a márka történetét, a futballcipők evolúcióját, valamint a klasszikus marketingmodellek – 4P, termékéletciklus, Rogers-féle innovációs görbe és SWOT-elemzés – alkalmazását a Nike esetében. A kutatási részben kvantitatív és kvalitatív módszerekkel vizsgáltad a vásárlói attitűdöket. A kérdőívet főként Z generációs, focikedvelő fiatalok töltötték ki, de jelen voltak idősebb hobbijátékosok és a márkát kedvelő hétköznapi vásárlók is. A mélyinterjúkban igazolt vagy profi sportolók osztották meg tapasztalataikat a cipőhasználatról, preferenciáikról és elvárásaikról. A kutatás alapján megállapítható, hogy a Nike sikere elsősorban a dizájn, a kényelem és a minőség hármasának köszönhető. A vásárlók hűségesek a márkához, és az ár ellenére is hajlandóak beruházni a termékekbe. A marketing ereje, különösen a sportolói példaképek szerepeltetése, erősen befolyásolja a döntéseket. Azonban a versenytársak előretörése és a változó fogyasztói igények kihívást jelentenek a jövőre nézve. A dolgozat gyakorlati jelentősége abban rejlik, hogy a kutatás eredményei hasznosíthatók a Nike és más sportszermárkák számára a célzottabb termékfejlesztésben és marketingkommunikációban. A dolgozat rávilágít arra is, hogy a sportcipőpiacon a jövőbeni siker kulcsa a folyamatos innováció, az érzelmi marketing és a fogyasztói igények mélyebb megértése lesz. 
695 |a cipők 
695 |a hivatásos sportolók 
695 |a innováció 
695 |a Nike 
695 |a sportmarketing 
695 |a Z generáció 
700 1 |a Folmeg Dr. Márta  |e ths 
856 4 0 |u http://dolgozattar.uni-bge.hu/59112/1/Sz%C3%A1nt%C3%B3%20Bence%20S7VULZ%20Z%C3%A1r%C3%B3dolgozat.pdf  |z Dokumentum-elérés 
856 4 0 |u http://dolgozattar.uni-bge.hu/59112/2/Sz%C3%A1nt%C3%B3%20Bence_biralati-szempontok-FOSZK.pdf  |z Dokumentum-elérés